| 000 | 00884nam a22002177a 4500 | ||
|---|---|---|---|
| 999 |
_c361 _d361 |
||
| 003 | AR-CdUCM | ||
| 008 | 190223b ||||| |||| 00| 0 spa d | ||
| 040 |
_aMUNICIPALIDAD PROVINCIAL DEL CUSCO _cBIBLIOTECA MUNICIPAL DEL CUSCO |
||
| 082 |
_21ra ed. _a984.8 / _bA78 |
||
| 100 |
_aArze Aguirre,Danilo René _91468 |
||
| 245 |
_aGuerra y Conflictos Sociales : _bEl caso rural boliviano durante la campaña del chaco / _cArze Aguirre,Danilo René |
||
| 260 |
_aLa Paz, Bolivia : _bCentro de Estudios de la Realidad Economica y Social , _c1987. |
||
| 300 |
_a303 paginas : _c20.5 cm. |
||
| 505 | _aLa campaña del Chaco -- Bolivia Rural -- Conflictos Sociales Internos... | ||
| 650 |
_aConflictos Sociales. _9343 |
||
| 650 |
_aBolivia Rural. _91469 |
||
| 650 |
_aLa campaña del Chaco. _91470 |
||
| 700 |
_aArze Aguirre Danilo René _91471 |
||
| 942 |
_2ddc _cLIBROS |
||
| 945 |
_artm _d2019-02-23 |
||